000 00562nam a22001577a 4500
008 120126t xxu||||| |||| 00| 0 eng d
050 _aREFPE 1628
_b.O94 2000
245 _aOxford advanced learner's dictionary of current English
250 _a6th ed.
260 _aOxford
_bOxford University Press
_c2000
300 _aXiv,1600p.
650 _bEnglish language-Dictionary
700 _aWehmeier,Sally
942 _2lcc
_cBK
999 _c40146
_d40146